Diccionario de biología

Պահպանված է:
Մատենագիտական մանրամասներ
Ձևաչափ: Գիրք
Լեզու:իսպաներեն
Հրապարակվել է: Bogotá Norma 1983
Շարք:Colección llave de la ciencia
Խորագրեր:
Ցուցիչներ: Ավելացրեք ցուցիչ
Չկան պիտակներ, Եղեք առաջինը, ով նշում է այս գրառումը!

MARC

LEADER 00000nam a2200000 a 4500
001 UCW6659
003 CL-VaPUC
008 920420e19830000CK |||||||||||||||||spa|d
082 0 4 |a 570.3  |b DIC  |2 21 
245 1 0 |a Diccionario de biología 
300 |a 342 p 
942 |c BK 
945 |d 19920420 00:00:00 
260 |a Bogotá  |b Norma  |c 1983 
650 7 |a BIOLOGIA DICCIONARIOS  |2 CL-VaPUC  |9 311673 
583 |a last modification  |c 19920420 00:00:00  |k Rodrigo Vera 
490 0 |a Colección llave de la ciencia 
999 |c 219632  |d 219630 
952 |0 0  |1 0  |4 0  |6 570_300000000000000_DIC_1983  |7 0  |8 X  |9 210778  |a BIBEDU  |b BIBEDU  |d 2019-11-15  |i 2789930  |o 570.3 DIC 1983  |p 2789930  |r 2023-01-13  |w 2019-11-15  |y BK_X  |k EDU